Dirección de marketing (Registro nro. 899)

Detalles MARC
000 -Cabecera
Campo de control de longitud fija 02229ata a2200673 4500
005 - Fecha y hora de la última transacción
Campo de control 20260306083943.0
008 - Elementos de longitud fija--Información general
Campo de control de longitud fija 150324b2012 xxu||||| |||| 00| 0 spa d
020 ## - International Standard Book Number
Número Internacional Estándar del Libro (ISBN) 9786073212458
041 ## - Idioma
Código de idioma
082 ## - Clasificación Decimal Dewey
Número de clasificación 658.8 K87d14
100 ## - Entrada principal--Autor personal
Nombre personal Kotler, Philip
245 ## - Título propiamente dicho
Título Dirección de marketing
250 ## - Edición
Mención de edición 14 edición
260 ## - Pie de imprenta
Lugar de publicación, distribución, etc. México
260 ## - Pie de imprenta
Nombre del editor, distribuidor, etc. Pearson
260 ## - Pie de imprenta
Fecha de publicación, distribución, etc. 2012
300 ## - Descripción física
Extensión 808 páginas
490 ## - Serie
Título de la Serie Dirección y Administración de Empresas
505 ## - Nota de contenido
Nota de contenido Parte I. Comprensión de la dirección de marketing.<br/>Parte II. Identificación de las oportunidades de mercado.<br/>Parte III, Conexión con los clientes.<br/>Parte IV. Creación de marcas fuertes.<br/>Parte V. Formación de ofertas de mercado.<br/>Parte VI. La entrega de valor.<br/>Parte VII. Comunicación de valor.<br/>Parte VIII. Generación de crecimiento rentable a largo plazo.
650 ## - Materia general
Temática (materia general) GERENCIA DE MERCDO
650 ## - Materia general
Temática (materia general) MARKETING
650 ## - Materia general
Temática (materia general) MERCADEO
650 ## - Materia general
Temática (materia general) DESARROLLO DE ESTRATEGIAS
650 ## - Materia general
Temática (materia general) IDENTIFICACIÓN DE OPORTUNIDADES DE MERCADEO
650 ## - Materia general
Temática (materia general) CONEXIÓN CON LOS CLIENTES
650 ## - Materia general
Temática (materia general) BRAND EQUITY
650 ## - Materia general
Temática (materia general) PRODUCTO
650 ## - Materia general
Temática (materia general) INVESTIGACIÓN DE MERCADOS
650 ## - Materia general
Temática (materia general) FORMACIÓN DE MERCADOS
650 ## - Materia general
Temática (materia general) DIRECCIÓN DE MARKETING
650 ## - Materia general
Temática (materia general) ANÁLISIS DE MERCADOS
650 ## - Materia general
Temática (materia general) PUBLICIDAD
650 ## - Materia general
Temática (materia general) VENTAS
650 ## - Materia general
Temática (materia general) COMPETENCIA
650 ## - Materia general
Temática (materia general) DISEÑO DE SERVICIOS
650 ## - Materia general
Temática (materia general) PROGRAMACIÓN DE PRECIOS
650 ## - Materia general
Temática (materia general) GESTIÓN DE LAS COMUNICACIONES
650 ## - Materia general
Temática (materia general) PUBLICIDAD
650 ## - Materia general
Temática (materia general) SATISFACCIÓN DEL CLIENTE
650 ## - Materia general
Temática (materia general) CADENA DE VALOR
650 ## - Materia general
Temática (materia general) CULTURA ORGANIZACIONAL
650 ## - Materia general
Temática (materia general) FODA
650 ## - Materia general
Temática (materia general) MACROENTORNO
650 ## - Materia general
Temática (materia general) CONSUMIDORES
650 ## - Materia general
Temática (materia general) PROCESO DE COMPRA
650 ## - Materia general
Temática (materia general) TOMA DE DECISIONES
650 ## - Materia general
Temática (materia general) MARKETING DEMOGRÁFICO
650 ## - Materia general
Temática (materia general) MARKETING ECONOMICO
650 ## - Materia general
Temática (materia general) MARKETING SOCIOCULTURAL
650 ## - Materia general
Temática (materia general) MARKETING NATURAL
650 ## - Materia general
Temática (materia general) MARKETING TECNOLÓGICO
650 ## - Materia general
Temática (materia general) MARKETING ECOLÓGICO
650 ## - Materia general
Temática (materia general) DEMANDA
650 ## - Materia general
Temática (materia general) SEGMENTACIÓN DEL MERCADO
650 ## - Materia general
Temática (materia general) POSICIONAMIENTO DE MARCAS
650 ## - Materia general
Temática (materia general) DISEÑO DE SERVICIOS
650 ## - Materia general
Temática (materia general) FIJACIÓN DE PRECIOS
942 ## - Punto de acceso adicional KOHA
Tipo de ítem KOHA Libro
Fuente del sistema de clasificación o colocación Dewey Decimal Classification
Existencias
Signatura completa Código de barras Programa Académico Tipo de ítem
658.8 K87d14 19360 Dirección y Administración de Empresas Libro
658.8 K87d14 16619 Dirección y Administración de Empresas Libro
658.8 K87d14 16783 Dirección y Administración de Empresas Libro
658.8 K87d14 16784 Dirección y Administración de Empresas Libro